| 000 | 00665nam a22002057a 4500 | ||
|---|---|---|---|
| 005 | 20250327104833.0 | ||
| 010 | _aENG-144277 | ||
| 020 |
_a9789391772529 _c330.00 |
||
| 035 | _aEN-127809 | ||
| 037 | _bDBAD | ||
| 082 |
_a006.4 _21 |
||
| 100 |
_aKanagalakshmi, K _979963 |
||
| 245 |
_aMultimodal Biometrics and Transformation Techniques/ _cK. Kanagalakshmi [and] K. Lakshmi Priya |
||
| 250 | _a1 | ||
| 260 |
_aChennai _bForschung Publications _cDecember, 2023 |
||
| 270 |
_a303, Uni Homes Phase 2, Malrojapuram _bKandigai _e600127 |
||
| 300 |
_a108p. _c24cm(pb) |
||
| 700 |
_aK. Lakshmi Priya _eAuthor _979478 |
||
| 942 |
_2ddc _cEN _mKAN _h006.4 |
||
| 999 |
_c210534 _d210534 |
||